| 000 | 00774nam a2200229 u 4500 | ||
|---|---|---|---|
| 005 | 20250826063922.0 | ||
| 008 | 170524s1993 es r 000 0 spa d | ||
| 020 | _a8475098452 | ||
| 035 | _aUPN01000218104 | ||
| 049 | _aCG | ||
| 050 | 4 |
_aHM1126 _bA2.2 |
|
| 100 | 1 |
_aAcland, Andrew Floyer _940653 |
|
| 245 | 1 | 0 |
_aCómo utilizar la mediación para resolver conflictos en las organizaciones / _cAndrew Floyer Acland ; tr. Beatriz López. |
| 260 |
_aBarcelona, Esp. : _bPaidós, _c1993. |
||
| 300 | _a344 p. | ||
| 440 | 0 |
_aPaidós empresa ; _v15 |
|
| 534 |
_pTítulo original: _tA sudden outbreak of common sense : managing conflict through mediation |
||
| 650 | 4 |
_aSolución de conflictos _96402 |
|
| 650 | 2 |
_aMediación _97588 |
|
| 905 | _aLibro | ||
| 999 |
_c190204 _d190204 |
||